| 000 | 00764cab a2200277 4500 | ||
|---|---|---|---|
| 001 | WB3138-45 | ||
| 008 | 090401t1995 xxu||||| |||| 00| 0 eng d | ||
| 035 | _a(Sirsi) u68085 | ||
| 041 | _aeng | ||
| 245 | _aInsuring holiday homes | ||
| 260 | _c1995 | ||
| 350 | _a0 | ||
| 490 |
_aSunday Times _vMoney 8 October 1995, 5(1) |
||
| 520 | _aDiscusses insurance problems and pitfalls of second homes which are left empty for most of the year. Gives examples of UK and Europeann prices. | ||
| 650 | _aEMPTY HOMES | ||
| 650 | _aGREECE | ||
| 650 | _aHOLIDAY HOMES INSURANCE | ||
| 650 | _aITALY | ||
| 650 | _aMALTA | ||
| 650 | _aPORTUGAL | ||
| 650 | _aSECOND HOMES | ||
| 650 | _aSPAIN | ||
| 690 |
_aInsurance _96249 |
||
| 942 | _n0 | ||
| 948 | _c04/03/1997 | ||
| 999 |
_c42682 _d42682 |
||